1066 1412 1600 1526 1775 1632 1843 1795 1905 1415 1759 1695 1800 1969 1031 1399 1819 1030 1611 1950 1465 1973 1624 1130 1138 1000 1567 1770 1382 1529 1840 1513 1739 1077 1099 1735 1609 1873 1474 1761 1549 1509 1456 1483 1016 1253 1940 1515 1308 1027 1619 1973 1469 1460 1849 1554 1982 1514 1341 1276 1008 1213 1294 1627 1320 1011 1415 1167 1830 1827 1849 1075 1444 1268 1587 1142 1073 1544 1083 1970 1824 1344 1966 1122 1140 1473 1329 1820 1138 1558 1632 1320 1055 1072 1033 1544 1023 1096 1400 BCNSPRNW ULIB Ver.6.0+V

เปลี่ยนเป็นภาษาไทย

Change to English
 แสดงรายละเอียดบรรณานุกรม
  กลับหน้าหลัก

Brief Record : Get Marc (ISO 2709) : E-mail record : QR code < ปิดหน้าต่าง
LEADER : 00000nam a2200000 a 4500
001    13399114636
003     ULIB
008    980928s2554 th 000 0 tha d
020    ^a9786167322360
060 04 ^aWY105^bพ871ภ
100 0  ^aพูลสุข หิงคานนท์
245 10 ^aภาวะผู้นำทางการพยาบาล /^cพูลสุข หิงคานนท์
250    ^aพิมพ์ครั้งที่ 1
260    ^a[พิษณุโลก] :^bดวงเงินการพิมพ์ ,^c2554
300    ^a70 หน้า:^c21 ซม.
650  4 ^aการพยาบาล, บริการ^xองค์การและการบริหาร
650  4 ^aผู้นำ
650  4 ^aพยาบาล
945    ^p0^l0^i031675
995    ^aเกษร
999 ^a ใช้งานได้ทุกระบบ
รายการนี้ยังไม่มีแท็ก
คุณยังไม่ได้ล็อกอิน คุณสามารถมีกิจกรรมร่วมกับเว็บไซต์ได้ แต่ต้องล็อกอินก่อน ::
  ล็อกอิน

รายการสื่อสารสนเทศ

ลำดับที่ ประเภท เลขเรียก/บาร์โค้ด สถานที่ สถานะ
- ไม่พบข้อมูล -

รายการใกล้เคียง
    หัวเรื่อง [ผู้นำ]
    หัวเรื่อง [พยาบาล]

BibComment


ยังไม่เคยถูกคอมเมนท์

คอมเมนท์ทรัพยากรรายการนี้
  คอมเมนท์: ภาวะผู้นำทางการพ..


 Copyright 2026. Bcnsprnw @Library